000 00975cam a22003017a 4500
003 CHAP
005 20220329142435.0
008 010212s r 00010 eng d
010 _a83482
011 _a84454
035 _a94974
040 _cCHAP
090 _aFolleto 16147
100 0 0 _aFurneaux, M.I.P.
_b, comp.
_944067
245 1 0 _aCAB abstracts on dialog :
_bworkshop manual
_c/compiled by M.I.P. Furneaux.
260 _a(s.l.) :
_bCommonwealth Agricultural Bureaux,
_c(s.a.)
300 _a57 h.
590 _aBATCH-UPD
_b10
_c20130110
_lUCH01
_h0736
590 _aBATCH-UPD
_b10
_c20130410
_lUCH01
_h0418
590 _aBATCH-UPD
_b10
_c20130913
_lUCH01
_h2127
590 _aCONVERSION
_b10
_c20130109
_lUCH01
_h1346
650 1 4 _aAgricultura
_xPublicaciones periódicas
_xBibliografía.
_91773
650 1 4 _aAgricultura
_xSistemas de información.
_91796
901 _aBK
905 _aEdna Luz
942 _cFOLL
949 _aFolleto 16147
_bBC
_cB
_d949741
_eB
_i94974
_sb
999 _c83482
_d83482